La Convención Interamericana contra la Corrupción: anotada y comentada

Gespeichert in:
Bibliographische Detailangaben
1. Verfasser: Manfroni, Carlos A.
Körperschaft: OEA
Format: Text
Veröffentlicht: Buenos Aires: Abeledo-Perrot
Schlagworte:
Tags: Tag hinzufügen
Keine Tags, Fügen Sie den ersten Tag hinzu!

MARC

LEADER 00000 a a2200000 04500
001 19309
003
040
090 |a 145600  
100 |a Manfroni, Carlos A.  
110 |a OEA  
245 |a La Convención Interamericana contra la Corrupción: anotada y comentada  
260 |a Buenos Aires:   |b Abeledo-Perrot  
300 |a 245 p.  
300 |b **no definido**  
500 |a Pról. de Enrique Lagos, Subsecretario de Asuntos Jurídicos de la OEA. En el Cap. IV se incluye el documento: Medidas preventivas, por Richard Werksman  
650 |a PROBLEMAS SOCIALES  
650 |a CORRUPCION  
650 |a RELACIONES INTERNACIONALES  
650 |a POLITICA INTERNACIONAL  
650 |a ACUERDOS INTERNACIONALES  
999 |c 3257  |d 3257